|
|
|
|
| LEADER |
00000nam a2200000Ii 4500 |
| 001 |
DIGOCTA0226 |
| 003 |
NyNyDIG |
| 006 |
m o d |
| 007 |
cr ||||||||||| |
| 008 |
230318s2020 sp a ob 000 0 spa d |
| 035 |
|
|
|a (OCoLC)1203121167
|
| 040 |
|
|
|a DGITA
|b eng
|e rda
|e pn
|c DGITA
|
| 020 |
|
|
|a 9788418348051
|q epub
|
| 020 |
|
|
|z 9788418348235
|q papel
|
| 050 |
1 |
4 |
|a LB3209 ebook
|
| 082 |
0 |
4 |
|a 371.61
|
| 245 |
0 |
0 |
|a Patios vivos para renaturalizar la escuela /
|c Heike Freire (coord.).
|
| 250 |
|
|
|a Primera edición (epub).
|
| 264 |
|
1 |
|a Barcelona :
|b Octaedro,
|c [2020]
|
| 300 |
|
|
|a 1 online resource :
|b illustrations.
|
| 336 |
|
|
|a text
|b txt
|2 rdacontent
|
| 337 |
|
|
|a computer
|b c
|2 rdamedia
|
| 338 |
|
|
|a online resource
|b cr
|2 rdacarrier
|
| 347 |
|
|
|a text file
|2 rdaft
|
| 347 |
|
|
|b EPUB
|
| 490 |
1 |
|
|a Colección Recursos educativos
|
| 504 |
|
|
|a Includes bibliographical references.
|
| 588 |
0 |
|
|a Online resource; title from ePub title page (Digitalia, viewed March 18, 2023)
|
| 650 |
|
0 |
|a Nature study.
|
| 650 |
|
0 |
|a Schools
|x Landscape architecture.
|
| 700 |
1 |
|
|a Freire, Heike,
|e editor.
|
| 791 |
2 |
|
|a Digitalia (Firm),
|e distributor.
|
| 793 |
0 |
|
|g Digitalia eBook Collection:
|a Editorial Octaedro
|
| 776 |
0 |
8 |
|i Print version:
|t Patios vivos para renaturalizar la escuela.
|b Primera edición (papel).
|d Barcelona : Octaedro, [2020]
|z 9788418348235
|
| 830 |
|
0 |
|a Colección Recursos educativos.
|
| 856 |
4 |
0 |
|3 Digitalia Hispánica
|u https://www.digitaliapublishing.com/a/114012/
|
| 910 |
|
|
|a Premium collection: 2023
|